| 000 | 01035 a2200193 4500 | ||
|---|---|---|---|
| 003 | NUST | ||
| 020 | _a81-7319-201-4 | ||
| 082 | _a515,LIE | ||
| 100 | 1 |
_aLieb, Elliott H. _98779 |
|
| 245 | 1 | 0 |
_aAnalysis 2 / _cElliott H. Lieb, Michael Loss. |
| 260 |
_a[S.l.] : _bAmerican Mathematical Society, _c1997 |
||
| 300 |
_a278p. : _c27 cm. |
||
| 490 | 1 | _aGraduate studies in mathematics. | |
| 505 | _aMeasure and Integration (Page-1), Lp-Spaces (Page-35), Rearrangement Inequalities (Page-71), Integral Inequalities (Page-89), The Fourier Transform (Page-115), Distributions (Page-127), The Sobolev Spaces H1 and H 1/2 (Page-157), Sobolev Inequalities (Page-183), Potential Theory and Coulomb Energies (Page-201), Regularity of Solutions of Poisson's Equation (Page-221), Introduction to the Calculus of Variations (Page-231). | ||
| 700 | 1 |
_aLieb, Elliott H. _98779 |
|
| 830 | 0 |
_aGraduate studies in mathematics. _98780 |
|
| 856 | 4 | 0 |
_3Amazon.com _uhttp://www.amazon.com/exec/obidos/ASIN/0821827839/chopaconline-20 |
| 942 |
_2ddc _cBK _k515,LIE |
||
| 999 |
_c175356 _d175356 |
||